Score 0/25 Timer 07:00
0 Plays Today
Rank College % Correct
# 2Amherst College
84.2%
# 1Williams College
73.4%
# 6Bowdoin College
67%
# 4Middlebury College
59.3%
# 3Swarthmore College
58.6%
# 22Colby College
55.6%
# 25Bates College
53.9%
# 6Pomona College
51.5%
# 13Wesleyan University
47.5%
# 24Colorado College
46.1%
# 4Wellesley College
45.8%
# 22Oberlin College
45.8%
# 14Grinnell College
44.4%
Rank College % Correct
# 10Haverford College
43.8%
# 8Carleton College
43.1%
# 11Vassar College
43.1%
# 8Davidson College
42.4%
# 18Smith College
42.1%
# 19Colgate University
38.4%
# 11Claremont McKenna College
35.7%
# 14Harvey Mudd College
34.7%
# 21Hamilton College
32.7%
# 14Washington and Lee University
30.6%
# 19United States Naval Academy
12.5%
# 14United States Military Academy
9.8%
Remove Ads.
Support Sporcle.
Get the best of Sporcle when you Go Orange. This ad-free experience offers more features, more stats, and more fun while also helping to support Sporcle. Thank you for becoming a member.

You're not logged in!

Compare scores with friends on all Sporcle quizzes.
OR
Log In

Show Comments

Extras

Top Quizzes Today


Score Distribution

Your Account Isn't Verified!

In order to create a playlist on Sporcle, you need to verify the email address you used during registration. Go to your Sporcle Settings to finish the process.

Report this User

Report this user for behavior that violates our Community Guidelines.

Details: